Sổ tay tính toán thủy lực

Quyển sách đáp ứng nhu cầu của các kĩ sư, kĩ thuật viên, sinh viên đại học, cao đẳng, là cẩm nang trong khoa học, hoạt động công nghệ từ các chương trình nghiên cứu, đào tạo đến các dự án về qui hoạch sử dụng đất đai và lãnh thổ, về quản...

Volledige beschrijving

Bewaard in:
Bibliografische gegevens
Andere auteurs: Lưu Công Đào (Dịch), Nguyễn Tài (Dịch)
Formaat: Boek
Taal:Vietnamese
Gepubliceerd in: H. Xây dựng 2010
Editie:Bản dịch lần 2, có sửa chữa
Tags: Voeg label toe
Geen labels, Wees de eerste die dit record labelt!
Thư viện lưu trữ: Thư viện Trường Đại học Nam Cần Thơ
LEADER 01628aam a22002298a 4500
001 NCT_19473
008 151110s2015 ||||||viesd
999 |c 923  |d 923 
020 |c 155000 
082 0 4 |2 23rd ed.  |a 627  |b S450 
245 0 0 |a Sổ tay tính toán thủy lực  |c P. G. Kixêlep ... [et al.] ; Lưu Công Đào, Nguyễn Tài (dịch) 
250 |a Bản dịch lần 2, có sửa chữa 
260 |a H.  |b Xây dựng  |c 2010 
300 |a 715 tr.  |b minh họa  |c 27 cm 
520 3 |a Quyển sách đáp ứng nhu cầu của các kĩ sư, kĩ thuật viên, sinh viên đại học, cao đẳng, là cẩm nang trong khoa học, hoạt động công nghệ từ các chương trình nghiên cứu, đào tạo đến các dự án về qui hoạch sử dụng đất đai và lãnh thổ, về quản lí sử dụng nước, về xây dựng cơ sở hạ tầng, về phòng chống thiên tai. 
700 1 |a Lưu Công Đào  |e Dịch 
700 1 |a Nguyễn Tài   |e Dịch 
942 |2 ddc  |c BK 
952 |0 0  |1 0  |2 ddc  |4 0  |6 627_000000000000000_S450  |7 0  |9 5599  |a 000001  |b 000001  |d 2017-12-08  |o 627 S450  |p MD.04299  |r 2017-12-08  |v 155000.00  |w 2017-12-08  |y BK 
952 |0 0  |1 0  |2 ddc  |4 0  |6 627_000000000000000_S450  |7 0  |9 5600  |a 000001  |b 000001  |d 2017-12-08  |l 1  |m 1  |o 627 S450  |p MD.04300  |r 2018-02-28  |s 2018-01-09  |v 155000.00  |w 2017-12-08  |y BK 
952 |0 0  |1 0  |2 ddc  |4 0  |6 627_000000000000000_S450  |7 0  |9 5601  |a 000001  |b 000001  |d 2017-12-08  |o 627 S450  |p MD.04301  |r 2017-12-08  |v 155000.00  |w 2017-12-08  |y BK 
980 |a Thư viện Trường Đại học Nam Cần Thơ